Todas as canções da Beyoncé - Statistics

Estatísticas Gerais
  • Esse quiz foi jogado 284 vezes
    205 desde o último reset
  • A pontuação média é 50 de 147
Estatísticas das Respostas
% Correto
Crazy In Love
88%
Single Ladies (Put A Ring On It)
76%
Formation
71%
Sorry
68%
Halo
66%
Drunk In Love
63%
Alien Superstar
62%
Pretty Hurts
62%
Baby Boy
61%
Diva
61%
Dangerously In Love 2
60%
If
60%
Hold Up
59%
Love On Top
59%
Cuff It
58%
Cozy
56%
Partition
55%
Break My Soul
54%
Daddy
54%
America Has a Problem
53%
Deja Vu
53%
I'm That Girl
53%
Summer Renaissance
53%
Virgo's Groove
52%
XO
52%
All Night
51%
Church Girl
51%
Don't Hurt Yourself
51%
Freedom
51%
Blue
50%
Heated
50%
Pure/Honey
50%
Daddy Lessons
49%
If I Were a Boy
49%
Run The World (Girls)
49%
Irreplaceable
48%
1+1
47%
Energy
47%
Naughty Girl
47%
Sandcastles
47%
6 Inch
46%
Beautiful Liar
46%
Me Myself and I
46%
Plastic off the Sofa
46%
Thique
46%
***Flawless
45%
Move
45%
Love Drought
44%
Pray You Catch Me
44%
Sweet Dreams
44%
Video Phone
44%
Haunted
42%
Jolene
42%
Texas Hold 'Em
42%
All Up In Your Mind
40%
Ameriican Requiem
40%
I Care
40%
Blackbiird
39%
Freakum Dress
38%
Mine
38%
Amen
37%
Blow
37%
Daughter
37%
Ya Ya
37%
Ave Maria
36%
Forward
36%
I Was Here
36%
Levii's Jeans
36%
Tyrant
36%
Bodyguard
35%
Countdown
35%
Jealous
35%
Party
35%
Upgrade U
35%
Kitty Kat
33%
End of Time
32%
Green Light
32%
II Hands II Heaven
32%
No Angel
32%
Best Thing I Never Had
31%
Listen
31%
Dance for You
30%
Hip Hop Star
30%
Rocket
30%
Signs
30%
Check On It
29%
Heaven
29%
II Most Wanted
29%
Superpower
29%
16 Carriages
28%
Ego
28%
I Miss You
28%
Speechless
28%
Suga Mama
28%
Protector
27%
Rather Die Young
27%
Alliigator Tears
26%
Get Me Bodied
26%
Hello
26%
Radio
26%
Flaws and All
24%
Ring The Alarm
24%
Schoolin' Life
24%
Spaghettii
24%
Broken-Hearted Girl
23%
My Rose
23%
Welcome to Hollywood
23%
Flamenco
22%
Riiverdance
22%
03' Bonnie & Clyde
21%
Smoke Hour ★ Willie Nelson
21%
Sweet ★ Honey ★ Buckin'
21%
Yes
21%
Desert Eagle
19%
Resentment
19%
Dolly P
18%
Just for Fun
18%
Satellites
17%
Be With You
16%
Gift from Virgo
16%
Start Over
16%
World Wide Woman
16%
Beyoncé Interlude
15%
Disappear
15%
Poison
15%
Smoke Hour II
15%
Why Don't You Love Me
14%
Scared of Lonely
12%
The Linda Martell Show
12%
Oh Louisiana
11%
That's How You Like It
10%
That's Why You're Beautiful
10%
Work It Out
10%
Amor Gitano
9%
Creole
9%
Lay Up Under Me
9%
Smash Into You
9%
The Closer I Get To You
9%
Save The Hero
8%
Video Phone (Remix)
8%
Back Up
7%
Dreaming
6%
Lost Yo Mind
3%
Bienvenue
1%
Honesty
1%
Still In Love
0%
What It's Gonna Be
0%
Nenhum quiz correspondente encontrado
Distribuição das Pontuações
Porcentagem de Pessoas com Cada Pontuação
Percentil de Números Respondidos
Sua Pontuação Histórica
Você não jogou esse quiz desde o último reset